Die schweizer Platzierungen bei der Europameisterschaft - Statistiken

Allgemein
  • Dieses Quiz wurde 19 mal gespielt
    18 seit der letzten Aktualisierung
  • Das Durchschnittsergebnis liegt bei 4 aus 6
Antwortstatistiken
Hint Antwort % Korrekt
2024 Viertelfinale
92%
2020 Viertelfinale
77%
1996 Gruppenphase
62%
2004 Gruppenphase
62%
2008 Gruppenphase
62%
2016 Achtelfinale
54%
Keine übereinstimmenden Quizze gefunden
Verteilung der Resultate
Anzahl Personen mit jedem Resultat
Perzentil nach korrekt beantworteten Fragen
Ihre Resultats-Entwicklung
Sie haben dieses Quiz seit der letzten Aktualisierung nicht gespielt